La noche de Tejero
Gorde:
| Egile nagusia: | |
|---|---|
| Formatua: | Liburua |
| Hizkuntza: | gaztelania |
| Argitaratua: |
Barcelona
Planeta
1981
|
| Edizioa: | 7a. ed |
| Saila: | Documento, 57
|
| Gaiak: | |
| Etiketak: |
Etiketa erantsi
Etiketarik gabe, Izan zaitez lehena erregistro honi etiketa jartzen!
|
MARC
| LEADER | 00000nam a2200000 a 4500 | ||
|---|---|---|---|
| 001 | UCQ5571 | ||
| 003 | CL-VaPUC | ||
| 008 | 981002e19810000SP |||||||||||||||||spa|d | ||
| 082 | 0 | 4 | |a 863 |b ONE |2 21 |
| 100 | |a Oneto, José |e autor |9 419650 | ||
| 245 | 1 | 3 | |a La noche de Tejero |
| 250 | |a 7a. ed | ||
| 300 | |a 234 p | ||
| 942 | |c BK | ||
| 945 | |d 19981002 00:00:00 |a crobeson | ||
| 260 | |a Barcelona |b Planeta |c 1981 | ||
| 650 | 0 | |a Novelas españolas |9 265052 | |
| 650 | 0 | |a Literatura española |9 306261 | |
| 583 | |a last modification |c 19981002 00:00:00 |k Rodrigo Vera | ||
| 490 | 0 | |a Documento, 57 | |
| 999 | |c 275776 |d 275774 | ||
| 952 | |0 0 |1 0 |4 0 |6 863_000000000000000_ONE_1981 |7 0 |8 A |9 312601 |a BIBEDU |b BIBEDU |d 2019-11-20 |i 1473638 |o 863 ONE 1981 |p 1473638 |r 2019-11-20 |w 2019-11-20 |y BK |k LIT | ||